The first stage of the Common Market Report on the execution of the treaty (Record no. 63996)

MARC details
000 -LEADER
campo de control de longitud fija 00635nam a2200169 i 4500
001 - NÚMERO DE CONTROL
campo de control 63996
003 - IDENTIFICADOR DE NÚMERO DE CONTROL
campo de control ES-MaACL
005 - FECHA Y HORA DE LA ÚLTIMA TRANSACCIÓN
campo de control 20230906165022.0
007 - CAMPO FIJO DE DESCRIPCIÓN FÍSICA--INFORMACIÓN GENERAL
campo de control de longitud fija t|
008 - DATOS DE LONGITUD FIJA--INFORMACIÓN GENERAL
campo de control de longitud fija 031218s1962 be ||||1| eng d
245 04 - MENCIÓN DEL TÍTULO
Título The first stage of the Common Market Report on the execution of the treaty
Resto del título : (January 1958-January 1962).
260 ## - PUBLICACIÓN, DISTRIBUCIÓN, ETC.
Lugar de publicación, distribución, etc. Brussels :
Nombre del editor, distribuidor, etc. [Publishing Services of the European Communities],
Fecha de publicación, distribución, etc. 1962.
300 ## - DESCRIPCIÓN FÍSICA
Extensión 115 p., 5 lám. :
Otras características físicas graf. ;
Dimensiones 21 cm.
500 ## - NOTA GENERAL
Nota general Precede al tit.: European Economic Community Commission.
710 2# - ENTRADA AGREGADA--NOMBRE DE ENTIDAD CORPORATIVA
Nombre de entidad corporativa o nombre de jurisdicción como elemento de entrada European Ecxonomic Community Commission.
9 (RLIN) 4040
852 ## - LOCALIZACIÓN
Ubicación ES-MaACL
Número de control de estantería C-24860
Sublocalización o colección R.52951
Holdings
Estatus retirado Estado de pérdida Estado de daño No para préstamo Biblioteca de origen Biblioteca actual Ubicación en estantería Fecha de adquisición Fuente de adquisición Total de préstamos Signatura topográfica completa Código de barras Visto por última vez Precio de reemplazo Tipo de ítem Koha
        Biblioteca del Ateneo de Madrid Biblioteca del Ateneo de Madrid Depósito 2 17/01/2008     C-24860 1067069 23/02/2023 23/02/2023 Libro impreso